000 01229cam a22003497a 4500
003 CHAP
005 20220329142637.0
008 020730d2002 es ad r 00110 spa d
010 _a86006
011 _a86978
020 _a8489922632
035 _a97519
040 _cCHAP
082 0 4 _a633.1
_bC35
100 0 0 _aCallejo González, María Jesús.
_917543
245 1 0 _aIndustrias de cereales y derivados
_c/por María Jesús Callejo González
260 _aMadrid :
_bA. Madrid Vicente,
_c2002
300 _a337 p. :
_bilus. ; gráfs. ; tablas ; diagramas
490 0 _aColección Tecnología de alimentos
590 _aBATCH-UPD
_b10
_c20130110
_lUCH01
_h0518
590 _aBATCH-UPD
_b10
_c20130410
_lUCH01
_h0157
590 _aBATCH-UPD
_b10
_c20130914
_lUCH01
_h0915
590 _aCONVERSION
_b10
_c20130109
_lUCH01
_h1348
650 1 4 _aCereales.
_921370
650 1 4 _aCereales
_xProcesado.
_921454
830 0 0 _aColección Tecnología de alimentos
_924993
901 _aBK
905 _aMarco A. Mendoza T.
942 _cLIBRO
949 _a633.1 C35
_bBC
_cLIBRO
_d33724000869905
_eLIBRO
_gI.c/e
_h102843
_i97519
_si
_t$243.00
949 _a633.1 C35
_bBC
_cLIBRO
_d33724000958039
_eLIBRO
_fc.2
_gI.225339
_h106905
_i97519
_si
_t$734.00
999 _c86006
_d86006